Postavenie bankového sektora v ekonomike bakalárska práca

Enregistré dans:
Détails bibliographiques
Auteur principal: Ďurina, Pavol
Collectivité auteur: Národohospodárska fakulta EU. Katedra bankovníctva a medzinárodných financií
Autres auteurs: Šturc, Boris, 1961-
Format: Livre
Langue:slovaque
Publié: Bratislava 2019
Tags: Ajouter un tag
Pas de tags, Soyez le premier à ajouter un tag!

MARC

LEADER 00000nbm a2200000 4500
001 0257813
005 20190919132105.3
041 0 |a slo 
044 |a SK 
245 1 0 |a Postavenie bankového sektora v ekonomike  |b bakalárska práca  |c Pavol Ďurina ; školiteľ: Boris Šturc 
264 1 |a Bratislava  |c 2019 
300 |a 38 s. 
100 1 |a Ďurina, Pavol 
700 1 |a Šturc, Boris, 1961- 
710 2 |a Národohospodárska fakulta EU. Katedra bankovníctva a medzinárodných financií